000 00730nam a22002417a 4500
001 5713
003 FISKH
005 20250115155310.0
008 250115b cb ||||| |||| 00| 0 eng d
020 _a9780545242004
040 _aFISKH
_beng
_cFISKH
_dFISKH
082 _a940.53
100 _aPerritano, John
245 _aWorld War II :
_bten greatest battles /
_cby John Perritano
250 _aFirst Scholastic printing, September 2010
260 _aNew York :
_bScholastic ;
_c2010.
300 _a32 pages :
_bcolor illustrations, maps ;
_c26 cm .
490 _aAmerica at War
520 _aDiscover World War IIs most significant battles.
650 _amilitary
700 _aCohn, Jessica
_eeditor
942 _2ddc
_cBK
_n0
999 _c5713
_d5713